| 000 | 00391cam a2200145 a 4500 | ||
|---|---|---|---|
| 020 | _a0131724614 | ||
| 040 | _cDLC | ||
| 082 | 0 | _a334 PRE 1989 C161 Or. | |
| 245 | 0 | 0 | _aCooperatives in agriculture / |
| 260 |
_aEnglewood Cliffs, NJ : _bPrentice-Hall, _cc1989. |
||
| 300 |
_axvi, 445 p. : _bill. ; _c24 cm. |
||
| 650 | 0 | _aAgriculture, Cooperative. | |
| 700 | 1 | _aCobia, David W. | |
| 942 | _cAEDBB | ||
| 999 |
_c19103 _d19103 |
||